Diccionario Akal de las religiones / (Record no. 105531)

MARC details
000 -CABECERA
campo de control de longitud fija 00563nam a2200193 a 4500
005 - FECHA Y HORA DE LA ÚLTIMA TRANSACCIÓN
campo de control 20210219154843.0
008 - ELEMENTOS DE LONGITUD FIJA--INFORMACIÓN GENERAL
campo de control de longitud fija 040511s2001 mx r 000 0 spa d
020 ## - NÚMERO INTERNACIONAL NORMALIZADO PARA LIBROS
Número Internacional Estándar del Libro 8446015544
035 ## - NÚMERO DE CONTROL DEL SISTEMA
Número de control de sistema UPN01000133380
049 ## - COLECCIÓN
Colección C
050 #4 - SIGNATURA TOPOGRÁFICA DE LA BIBLIOTECA DEL CONGRESO
Número de clasificación BL31
Número de documento/Ítem D5.2
245 00 - MENCIÓN DE TÍTULO
Título Diccionario Akal de las religiones /
Mención de responsabilidad, etc. ed. Giovanni Filoramo ; tr. de María Teresa Robert Rogla.
260 ## - PUBLICACIÓN, DISTRIBUCIÓN, ETC.
Lugar de publicación, distribución, etc. Madrid :
Nombre del editor, distribuidor, etc. Akal,
Fecha de publicación, distribución, etc. 2001.
300 ## - DESCRIPCIÓN FÍSICA
Extensión 618 p.
440 #0 - MENCIÓN DE SERIE/ASIENTO SECUNDARIO--TÍTULO
Título Akal/diccionarios ;
Designación de volumen o secuencia 28
650 #4 - ASIENTO SECUNDARIO DE MATERIA - TERMINO TEMATICO
Término de materia o nombre geográfico como elemento de entrada RELIGIONES -
Subdivisión de forma DICCIONARIOS
700 1# - ASIENTO SECUNDARIO--NOMBRE DE PERSONAL
Nombre de persona Filoramo, Giovanni,
Término indicativo de función/relación ed.
905 ## - TIPO DE MATERIAL
Tipo de material Libro
Holdings
Estado de retiro Estado de pérdida Fuente del sistema de clasificación o colocación Estado dañado No para préstamo Código de colección Localización permanente Ubicación/localización actual Ubicación en estantería Total de préstamos Clasificación Código de barras Fecha visto por última vez Número de copia Tipo de ítem Koha
    Library of Congress Classification   Consulta Consulta Bib. Gregorio Torres Quintero Bib. Gregorio Torres Quintero Sala de lectura Sótano   BL31 D5.2 234018 31/12/2020 1 Libro